Les Pays Ayant 8 Lettres - Statistiques

Statistiques générales
  • Ce quiz a été pris 174 fois
    173 depuis la dernière actualisation
  • Le résultat moyen est 5 sur 22
Statistiques - réponses
Continent Situe Dans Pays % Correct
Amérique du Sud Colombie
54%
Amérique du Nord Honduras
40%
Asie Malaisie
39%
Amérique du Sud Paraguay
38%
Afrique Cameroun
32%
Asie Mongolie
31%
Asie Cambodge
29%
Afrique Botswana
28%
Asie Pakistan
28%
Afrique Tanzanie
28%
Amérique du Sud Suriname
27%
Afrique Ethiopie
25%
Asie Thailande
24%
Afrique Zimbabwe
24%
L'Europe Bulgarie
22%
Oceanie Kiribati
22%
Afrique Djibouti
19%
Asie Maldives
18%
Amérique du Nord Dominica
3%
L' Europe Le Portugal
1%
L'Europe Slovenia
1%
Amérique du Nord La Barbade
0%
Aucun quiz correspondant
Distribution des résultats
% des personnes avec chaque résultat
Percentile par nombre de réponses
Votre historique - résultats
Vous n’avez pas pris ce quiz depuis la dernière actualisation